000 00595nam a2200241 a 4500
003 AR-BaBNM
005 20251128204858.0
008 082120s2002 ||||||||||||||000 | spa||
020 _a968-6285-30-X
040 _cAR-BaBNM
100 1 _aMutis, Alvaro
245 0 0 _aLa última escala del Tramp Steamer
250 _a2ª ed.
260 _aMéxico, D.F.
_bEdiciones del Equilibrista
_c1990
300 _a101 p.
650 4 _aNOVELAS
650 4 _aVIAJES
650 4 _aLITERATURA DE FICCION
653 _aLITERATURA COLOMBIANA
655 _aLITERATURA
942 _cBK
998 _cisola
999 _c9164
_d9164